LDR 00824naa#a2200181#i#450# 001 EN\\bibl\126605 005 20260703003744.5 011 ## _a2222-7962 100 ## _a20260628b2026####ek#y0engy0150####ca 102 ## _aRU 200 1# _aCriteria for selecting woody and shrubby plants for landscaping tennis academies under subtropical climate (exemplified by the Southern Coast of Crimea) _eJournal article 210 1# _aVoronezh _cFSBE Institution of Higher Education Voronezh State University of Forestry and Technologies named after G.F. Morozov _d2026 215 ## _a20 с. 608 ## _aJournal article _2local 675 ## _aСельское хозяйство. Лесное хозяйство. Охота. Рыбное хозяйство. 63 _z 700 #1 _aYakovenko _gNataliya Vladimirovna 700 #1 _aPodlaskina _gS. Yu. 856 4# _anaukaru.ru _u